Tvorba edukačného modelu princípu merania ozubenia

Enregistré dans:
Détails bibliographiques
Auteur principal: Pagáč, Peter (Auteur)
Autres auteurs: Moravčíková, Jana (Directeur de thèse)
Format: Manuscrit Livre
Langue:slovaque
Publié: 2024
Sujets:
Accès en ligne:http://is.stuba.sk/zp/portal_zp.pl?podrobnosti=173765
Tags: Ajouter un tag
Pas de tags, Soyez le premier à ajouter un tag!

MARC

LEADER 00000ntm a22000003a 4500
001 stuzp98159
003 SK-STU
005 20240629211851.4
007 ta
008 150427s2015----xo-----f-mn---000-0-slo-d
040 |a STU  |b slo 
041 0 |a slo 
100 1 |a Pagáč, Peter  |u 063000  |4 aut  |U MTF Materiálovotechnologická fakulta  |T MTF Ústav výrobných technológií  |X 116622  |U M3000  |Y 83  |7 116622 
242 0 1 |a Creation of an educational model of the gear measurement principle  |y eng 
245 1 0 |a Tvorba edukačného modelu princípu merania ozubenia 
260 |c 2024 
650 4 |a metrológia  |2 slo 
650 4 |a meranie ozubenia  |2 slo 
650 4 |a CAD  |2 slo 
650 4 |a animácia  |2 slo 
650 4 |a metrology  |2 eng 
650 4 |a CAD  |2 eng 
650 4 |a animation  |2 eng 
650 4 |a gear measurement  |2 eng 
700 1 |a Moravčíková, Jana  |u 063200  |k Z1  |4 ths  |U MTF Ústav výrobných technológií  |T MTF Katedra obrábania a počítačovej podpory technológií  |X 1526  |U M3200  |Y 164  |7 A000001526 
856 4 |u http://is.stuba.sk/zp/portal_zp.pl?podrobnosti=173765 
996 |c M* BP-9822  |l MMSKP  |s P  |a 0  |w stuzp98159_0001